| 000 | 01085nam2a2200229 4500 | ||
|---|---|---|---|
| 001 | RU\NLR\BIBL_A\010864301 | ||
| 005 | 20250624193218.0 | ||
| 010 | _a978-5-4470-0004-2 | ||
| 021 |
_aRU _b2015-72408 _94344 |
||
| 035 | _a(NLR Aleph) 010864301 | ||
| 090 |
_a10436787 _c10436787 |
||
| 100 | _a20151020d2015 |||y0rusy50 ca | ||
| 101 | 1 |
_arus _cfre |
|
| 102 | _aRU | ||
| 105 | _ay z 000ay | ||
| 200 | 0 |
_aКн. 4, [т. 1 _fпер. с фр. В. Финка] |
|
| 215 | _a333, [2] с. | ||
| 461 | 0 |
_1001RU\NLR\BIBL_A\010875562 _12000#$aОчарованная душа$eроман$e[перевод с французского]$eв 4 кн.$fРомен Роллан$vКн. 4, [т. 1 _1700#1$aРоллан$bР.$f1866-1944$gРомен$3RU\NLR\AUTH\7713146 _910478933 _aРоллан, Р. (1866-1944) _cМосква _d2015 _fРомен Роллан _nКомсомольская правда _oроман : [перевод с французского] : в 4 кн. _tОчарованная душа _vКн. 4, [т. 1 |
|
| 942 | _cBOOK | ||
| 980 | _aNB | ||